00955nam a2200253 i 4500001001000000003000900010005001700019007000300036008004100039020001800080040003000098082002300128100004400151245018800195264004800383300002800431336002700459337003300486338002800519500005700547650002400604650002700628700004600655000020758DO-SdBNP20240516151737.0ta100813s2016 dr 000 j spa d a9789945085327 aDO-SdBNPbspacBNPHUerda 4aRD863.5bG216a2221 aGarcía Michel, Eduardo,d1946-eautor10aAl amanecer, la niebla :bcuentos para mis nietos, una pizca de filosofía y poesía, sátira política y narraciones /cEduardo García Michel ; proemio, José Rafael Lantigua. aSanto Domingo :bGrupo Diario Libre,c2016. a322 páginas ;c23 cm. 2rdacontentatextobtxt 2rdamediaasin mediaciónbn 2rdacarrieravolumenbnc aIncluye datos biográficos del autor en las solapas 4aCuentos dominicanos 4aLiteratura dominicana.1 aLantigua, José Rafael, d1949-eproemio